[Event "Koege Lang Jubilaeum Weekend Grp3 2022"]
[Site "Koge"]
[Date "2022.07.08"]
[Round "6"]
[White "Pedersen, Kim Michael"]
[Black "Nielsen, Jorgen Kamp"]
[Result "1-0"]
[WhiteElo "1719"]
[BlackElo "1685"]
[PlyCount "65"]
[EventDate "2022.07.06"]
[EventType "tourn"]
[EventRounds "9"]
[EventCountry "DEN"]

1. d4 Nf6 2. Bf4 g6 3. e3 Bg7 4. Nd2 d6 5. h3 O-O 6. Ngf3 Nc6 7. c3 Nd7 8. Be2
e5 9. dxe5 Ndxe5 10. O-O Re8 11. Qa4 Bd7 12. Qb3 Qc8 13. Rfd1 a5 14. Nd4 b6 15.
N2f3 Nb8 16. Rd2 Na6 17. Qd1 Nc5 18. Qc2 Qb7 19. Bxe5 dxe5 20. Nb3 Nxb3 21.
Qxb3 a4 22. Qd1 Bc6 23. Qf1 Bxf3 24. Bxf3 e4 25. Be2 a3 26. Qc1 axb2 27. Qxb2
Re5 28. Bc4 Rea5 29. Qb3 Ra3 30. Bxf7+ Kf8 31. Qe6 Bxc3 32. Rd7 Bxa1 33. Bxg6
1-0

[Event "Koege Lang Jubilaeum Weekend Grp3 2022"]
[Site "Koge"]
[Date "2022.07.08"]
[Round "6"]
[White "Sandbech, Ted Henrik"]
[Black "Petersen, Rasmus"]
[Result "1/2-1/2"]
[WhiteElo "1649"]
[BlackElo "1679"]
[PlyCount "68"]
[EventDate "2022.07.06"]
[EventType "tourn"]
[EventRounds "9"]
[EventCountry "DEN"]

1. Nf3 d5 2. d4 Nf6 3. c4 e6 4. Nc3 c5 5. e3 Nc6 6. cxd5 exd5 7. Be2 Be7 8. O-O
O-O 9. a3 a6 10. dxc5 Bxc5 11. Nd4 Nxd4 12. exd4 Be7 13. Bg5 Be6 14. Rc1 Rc8
15. Qb3 Qd7 16. Na4 Rxc1 17. Rxc1 Rc8 18. Rxc8+ Qxc8 19. Nc3 Qd7 20. Qd1 h6 21.
Bf4 Ne4 22. Qc1 Qc6 23. Nxe4 Qxc1+ 24. Bxc1 dxe4 25. f4 f5 26. Kf2 Kf7 27. Bd2
Bd6 28. g3 Bd5 29. Ke3 Ke6 30. Bh5 g5 31. Bd1 g4 32. Bc2 b5 33. Ba5 Bc4 34. Bc3
Bd5 1/2-1/2

[Event "Koege Lang Jubilaeum Weekend Grp3 2022"]
[Site "Koge"]
[Date "2022.07.08"]
[Round "6"]
[White "Nielsen, Angelo"]
[Black "Rasmussen, Matthias"]
[Result "1/2-1/2"]
[WhiteElo "1689"]
[BlackElo "1583"]
[PlyCount "104"]
[EventDate "2022.07.06"]
[EventType "tourn"]
[EventRounds "9"]
[EventCountry "DEN"]

1. d4 c6 2. Nf3 Nf6 3. Bg5 e6 4. Bxf6 Qxf6 5. e4 d5 6. e5 Qd8 7. c3 c5 8. Bb5+
Nc6 9. dxc5 Bxc5 10. O-O Qb6 11. Bxc6+ bxc6 12. b4 Be7 13. Nbd2 a5 14. a3 O-O
15. Nb3 axb4 16. axb4 Ba6 17. Re1 c5 18. Nxc5 Bxc5 19. bxc5 Qxc5 20. Qd4 Rfc8
21. Qxc5 Rxc5 22. Reb1 h6 23. h3 Rcc8 24. Rb6 Bd3 25. Rxa8 Rxa8 26. Nd4 Ra3 27.
Rb8+ Kh7 28. Rc8 Bc4 29. Rc7 Kg6 30. h4 Rxc3 31. h5+ Kxh5 32. Rxf7 Rc1+ 33. Kh2
g6 34. Rf6 Re1 35. g4+ Kxg4 36. Rxg6+ Kf4 37. Rxh6 Rxe5 38. Nxe6+ Kf3 39. Rf6+
Ke2 40. Nf4+ Kf1 41. Kg3 d4 42. Rd6 d3 43. Nxd3 Re2 44. Nf4 Re8 45. Rd1+ Re1
46. Rxe1+ Kxe1 47. Kf3 Kd2 48. Ke4 Ba6 49. Nd5 Ke2 50. f4 Bd3+ 51. Ke5 Kf2 52.
Kd4 Bb1 1/2-1/2

[Event "Koege Lang Jubilaeum Weekend Grp3 2022"]
[Site "Koge"]
[Date "2022.07.08"]
[Round "6"]
[White "Nielsen, Kai Gylling"]
[Black "Dyremose, Flemming"]
[Result "1-0"]
[WhiteElo "1735"]
[BlackElo "1638"]
[PlyCount "59"]
[EventDate "2022.07.06"]
[EventType "tourn"]
[EventRounds "9"]
[EventCountry "DEN"]

1. e4 c5 2. Nf3 d6 3. Bc4 e6 4. c3 a6 5. a4 b6 6. O-O Nf6 7. d3 Be7 8. Nbd2 Bb7
9. Ng5 d5 10. Ba2 h6 11. Nxe6 fxe6 12. e5 O-O 13. exf6 Bxf6 14. Qg4 Qd7 15. f4
b5 16. Nb3 Be7 17. Be3 c4 18. dxc4 bxc4 19. Na5 Bc8 20. Qf3 Nc6 21. Nxc6 Qxc6
22. Bb1 e5 23. Qg3 e4 24. Bc2 a5 25. Bd4 Bf6 26. Bxf6 Rxf6 27. Qe3 Be6 28. b4
cxb3 29. Bxb3 d4 30. Bxe6+ 1-0

[Event "Koege Lang Jubilaeum Weekend Grp3 2022"]
[Site "Koge"]
[Date "2022.07.09"]
[Round "7"]
[White "Rasmussen, Matthias"]
[Black "Kaergaard, Sissel"]
[Result "0-1"]
[WhiteElo "1583"]
[BlackElo "1588"]
[PlyCount "70"]
[EventDate "2022.07.06"]
[EventType "tourn"]
[EventRounds "9"]
[EventCountry "DEN"]

1. e4 e6 2. Nf3 d5 3. e5 Nd7 4. a3 g6 5. b4 Bg7 6. d4 Ne7 7. Bg5 O-O 8. Qd2 b6
9. Bd3 c5 10. c3 Bb7 11. h4 h5 12. Bh6 Nf5 13. Bg5 Qc7 14. Bxf5 exf5 15. Be7
Rfe8 16. Bd6 Qxd6 17. O-O Qc6 18. a4 cxb4 19. cxb4 Rac8 20. Ra2 Nf8 21. Re1 Ne6
22. Kh1 Rc7 23. Kg1 Rec8 24. Kh2 Qd7 25. Rd1 Qe7 26. Re1 Rc4 27. Rb2 a6 28. Na3
R4c7 29. Re3 Bh6 30. g3 Bxe3 31. Qxe3 Rc3 32. Qh6 Rxf3 33. g4 Qxh4+ 34. Kg2
Qh3+ 35. Kg1 Rc1+ 0-1

[Event "Koege Lang Jubilaeum Weekend Grp3 2022"]
[Site "Koge"]
[Date "2022.07.09"]
[Round "7"]
[White "Hald, Morten Hansen"]
[Black "Pedersen, Kim Michael"]
[Result "1/2-1/2"]
[WhiteElo "1757"]
[BlackElo "1719"]
[PlyCount "37"]
[EventDate "2022.07.06"]
[EventType "tourn"]
[EventRounds "9"]
[EventCountry "DEN"]

1. Nc3 Nf6 2. e4 e5 3. f4 d6 4. d3 Nc6 5. Nf3 Be7 6. Be2 Bg4 7. O-O Bxf3 8.
Bxf3 Nd4 9. fxe5 Nxf3+ 10. Qxf3 dxe5 11. Nd5 h6 12. Bd2 c6 13. Nxe7 Qxe7 14.
Bc3 O-O 15. Qf5 Rae8 16. a3 b6 17. Bb4 c5 18. Bd2 Nh7 19. Qg4 1/2-1/2

[Event "Koege Lang Jubilaeum Weekend Grp3 2022"]
[Site "Koge"]
[Date "2022.07.09"]
[Round "7"]
[White "Nielsen, Jorgen Kamp"]
[Black "Sandbech, Ted Henrik"]
[Result "0-1"]
[WhiteElo "1685"]
[BlackElo "1649"]
[PlyCount "30"]
[EventDate "2022.07.06"]
[EventType "tourn"]
[EventRounds "9"]
[EventCountry "DEN"]

1. e4 d5 2. exd5 Qxd5 3. Nc3 Qd8 4. Nf3 Bg4 5. h3 Bh5 6. d4 e6 7. Bb5+ c6 8.
Be2 Nf6 9. Bg5 Be7 10. Qd2 Nbd7 11. O-O-O Qa5 12. Kb1 Bb4 13. g4 Ne4 14. Qe1
Nxc3+ 15. bxc3 Bxc3 0-1

[Event "Koege Lang Jubilaeum Weekend Grp3 2022"]
[Site "Koge"]
[Date "2022.07.09"]
[Round "7"]
[White "Petersen, Rasmus"]
[Black "Nielsen, Kai Gylling"]
[Result "1/2-1/2"]
[WhiteElo "1679"]
[BlackElo "1735"]
[PlyCount "59"]
[EventDate "2022.07.06"]
[EventType "tourn"]
[EventRounds "9"]
[EventCountry "DEN"]

1. d4 Nf6 2. c4 e6 3. Nf3 Be7 4. g3 c6 5. Bg2 d5 6. Qc2 O-O 7. O-O a5 8. b3 Ne4
9. Nbd2 Nxd2 10. Bxd2 Bf6 11. Bc3 Na6 12. Qd2 b6 13. Rfe1 c5 14. Rad1 Bb7 15.
dxc5 Nxc5 16. Bxf6 Qxf6 17. cxd5 Ne4 18. Qd4 exd5 19. Qxf6 Nxf6 20. e3 Rac8 21.
Rc1 Rfd8 22. Nd4 g6 23. a3 Ne4 24. Red1 Kg7 25. Kf1 Kf6 26. Ke1 h5 27. h4 Nc3
28. Rd2 Ne4 29. Rdd1 Nc3 30. Rd2 1/2-1/2

[Event "Koege Lang Jubilaeum Weekend Grp3 2022"]
[Site "Koge"]
[Date "2022.07.09"]
[Round "7"]
[White "Dyremose, Flemming"]
[Black "Nielsen, Angelo"]
[Result "0-1"]
[WhiteElo "1638"]
[BlackElo "1689"]
[PlyCount "80"]
[EventDate "2022.07.06"]
[EventType "tourn"]
[EventRounds "9"]
[EventCountry "DEN"]

1. d4 g6 2. c4 Bg7 3. Nf3 c5 4. e3 Nf6 5. Nc3 O-O 6. Be2 d6 7. O-O Nc6 8. a3 a5
9. Bd2 e5 10. d5 Ne7 11. Qc1 Nf5 12. Rb1 b6 13. b4 Re8 14. bxc5 bxc5 15. a4 e4
16. Ne1 Bd7 17. Nb5 Bxb5 18. axb5 Nh6 19. Bc3 Nd7 20. Bxg7 Kxg7 21. Qb2+ Qf6
22. Qxf6+ Kxf6 23. Nc2 Nb6 24. Rfc1 Ra7 25. Na3 Ke7 26. Ra1 f5 27. Nb1 Nf7 28.
Nc3 Ne5 29. Na4 Ned7 30. Bd1 Kd8 31. Nb2 Kc7 32. Ra3 Ne5 33. Ba4 g5 34. Kf1 g4
35. Ke2 h5 36. Rac3 h4 37. Ra1 Rg8 38. Rh1 h3 39. g3 Nd3 40. Nxd3 exd3+ 0-1

[Event "Koege Lang Jubilaeum Weekend Grp3 2022"]
[Site "Koge"]
[Date "2022.07.09"]
[Round "8"]
[White "Kaergaard, Sissel"]
[Black "Dyremose, Flemming"]
[Result "1-0"]
[WhiteElo "1588"]
[BlackElo "1638"]
[PlyCount "47"]
[EventDate "2022.07.06"]
[EventType "tourn"]
[EventRounds "9"]
[EventCountry "DEN"]

1. d4 d5 2. Nf3 e6 3. Bf4 c5 4. c3 Nc6 5. e3 a6 6. Nbd2 Be7 7. Bd3 c4 8. Bc2 b5
9. a3 Nf6 10. O-O Bb7 11. e4 dxe4 12. Nxe4 Nxe4 13. Bxe4 Na5 14. Bxb7 Nxb7 15.
Ne5 Bf6 16. a4 O-O 17. axb5 axb5 18. Rxa8 Qxa8 19. Nd7 Rd8 20. Nxf6+ gxf6 21.
Bh6 f5 22. Qf3 Kh8 23. Qg3 Rg8 24. Qe5+ 1-0

[Event "Koege Lang Jubilaeum Weekend Grp3 2022"]
[Site "Koge"]
[Date "2022.07.09"]
[Round "8"]
[White "Pedersen, Kim Michael"]
[Black "Rasmussen, Matthias"]
[Result "1/2-1/2"]
[WhiteElo "1719"]
[BlackElo "1583"]
[PlyCount "71"]
[EventDate "2022.07.06"]
[EventType "tourn"]
[EventRounds "9"]
[EventCountry "DEN"]

1. d4 Nf6 2. Bf4 e6 3. e3 c5 4. c3 cxd4 5. exd4 d5 6. Nf3 Nc6 7. Nbd2 Bd6 8.
Ne5 Qc7 9. Bb5 a6 10. Bxc6+ bxc6 11. Bg3 O-O 12. f4 c5 13. Rc1 cxd4 14. cxd4
Qa5 15. a3 Bb7 16. O-O Qb6 17. Bf2 Rfc8 18. Qb3 Qa7 19. Qa2 Ng4 20. Ndf3 Bxe5
21. fxe5 a5 22. Bg3 Ba6 23. Rfe1 Rxc1 24. Rxc1 Be2 25. Rc5 a4 26. b4 Bc4 27.
Qc2 Ne3 28. Qc1 Nf5 29. Bf2 Qb6 30. Nd2 Ba6 31. Nb1 h6 32. Nc3 Bc4 33. Nb1 Ne7
34. Nd2 Bb5 35. Qc2 Nc6 36. Be3 1/2-1/2

[Event "Koege Lang Jubilaeum Weekend Grp3 2022"]
[Site "Koge"]
[Date "2022.07.09"]
[Round "8"]
[White "Sandbech, Ted Henrik"]
[Black "Hald, Morten Hansen"]
[Result "1-0"]
[WhiteElo "1649"]
[BlackElo "1757"]
[PlyCount "186"]
[EventDate "2022.07.06"]
[EventType "tourn"]
[EventRounds "9"]
[EventCountry "DEN"]

1. Nf3 d5 2. d4 Nc6 3. c4 Bg4 4. e3 Nf6 5. Nc3 e6 6. cxd5 Bxf3 7. Qxf3 exd5 8.
Bb5 Qd7 9. Bd2 Be7 10. O-O a6 11. Bd3 O-O 12. Bf5 Qd6 13. a3 Na5 14. Ne2 Qd8
15. Bxa5 b6 16. Bc3 g6 17. Bc2 c6 18. e4 Qd7 19. exd5 Nxd5 20. Be4 Nxc3 21.
Qxc3 Rac8 22. Qd3 f5 23. Bf3 g5 24. Nc3 b5 25. Bd1 Qe6 26. Ne2 Qh6 27. Bb3+ Kh8
28. Qh3 Qg6 29. f4 g4 30. Qd3 c5 31. dxc5 Bxc5+ 32. Kh1 Be7 33. Rac1 Rcd8 34.
Qe3 Bf6 35. Nc3 h5 36. Rfd1 Rde8 37. Qf2 h4 38. Re1 g3 39. Qf3 Rd8 40. Rcd1 Bd4
41. Re6 Rf6 42. Rxf6 Qxf6 43. Qh5+ Kg7 44. Qg5+ Qxg5 45. fxg5 Re8 46. Rf1 Kg6
47. Bc2 Bf2 48. Bd3 Kxg5 49. Be2 f4 50. Bf3 a5 51. Nxb5 Re3 52. Nc3 h3 53. Bd5
Kg4 54. gxh3+ Kxh3 55. Bg2+ Kh4 56. Bb7 Re7 57. Bd5 Rg7 58. Nd1 Rd7 59. Bg2 Rd2
60. Nxf2 gxf2 61. Bc6 Rxb2 62. Kg2 Rc2 63. Bb5 Rc3 64. a4 Kg5 65. Rxf2 Kg4 66.
Bd7+ Kg5 67. Rf3 Rc7 68. Bb5 Rc2+ 69. Kh3 Rc8 70. Rd3 Rh8+ 71. Kg2 Kg4 72. h3+
Kg5 73. Rd5+ Kh4 74. Rf5 Rg8+ 75. Kh2 Rd8 76. Rxf4+ Kg5 77. Rf2 Kh4 78. Rf4+
Kg5 79. Rg4+ Kh5 80. Be2 Kh6 81. Re4 Rd5 82. Kg3 Rd2 83. Kh4 Rb2 84. Re6+ Kg7
85. Re4 Kh6 86. Bb5 Rb3 87. Re6+ Kg7 88. Rc6 Rb1 89. Kh5 Rd1 90. Rc5 Rd8 91. h4
Kf6 92. Ba6 Rh8+ 93. Kg4 Kg7 1-0

[Event "Koege Lang Jubilaeum Weekend Grp3 2022"]
[Site "Koge"]
[Date "2022.07.09"]
[Round "8"]
[White "Petersen, Rasmus"]
[Black "Nielsen, Jorgen Kamp"]
[Result "1/2-1/2"]
[WhiteElo "1679"]
[BlackElo "1685"]
[PlyCount "81"]
[EventDate "2022.07.06"]
[EventType "tourn"]
[EventRounds "9"]
[EventCountry "DEN"]

1. d4 Nf6 2. c4 e5 3. dxe5 Ng4 4. Nf3 Bc5 5. e3 Nc6 6. a3 a5 7. Be2 O-O 8. h3
Ngxe5 9. O-O Re8 10. Nbd2 d5 11. cxd5 Qxd5 12. Nxe5 Nxe5 13. Nf3 Be6 14. Bd2
Red8 15. Bc3 Qe4 16. Qb1 Nxf3+ 17. Bxf3 Qxb1 18. Raxb1 Bd5 19. Be2 a4 20. Rfd1
c6 21. Rbc1 Bf8 22. Kf1 Rd6 23. g3 Rad8 24. Ke1 g5 25. Bb4 R6d7 26. Bxf8 Kxf8
27. Rd4 Bb3 28. Rxd7 Rxd7 29. Bf3 Ke7 30. Be4 h6 31. Bc2 Bxc2 32. Rxc2 Rd6 33.
Ke2 f5 34. Kf3 b5 35. g4 Ke6 36. gxf5+ Kxf5 37. Rc5+ Kg6 38. Rc2 Kf5 39. Rc5+
Kg6 40. Rc2 Kf5 41. Rc5+ 1/2-1/2

[Event "Koege Lang Jubilaeum Weekend Grp3 2022"]
[Site "Koge"]
[Date "2022.07.09"]
[Round "8"]
[White "Nielsen, Kai Gylling"]
[Black "Nielsen, Angelo"]
[Result "1/2-1/2"]
[WhiteElo "1735"]
[BlackElo "1689"]
[PlyCount "107"]
[EventDate "2022.07.06"]
[EventType "tourn"]
[EventRounds "9"]
[EventCountry "DEN"]

1. Nf3 g6 2. d4 Bg7 3. e4 d6 4. Bc4 Nf6 5. Nbd2 O-O 6. Bb3 c6 7. O-O a5 8. a4
Na6 9. c3 Nd7 10. h3 c5 11. d5 Ne5 12. Nxe5 Bxe5 13. f4 Bg7 14. Nf3 Qc7 15. Bc4
b6 16. Qe2 Nb8 17. g4 Ba6 18. f5 Bxc4 19. Qxc4 Nd7 20. fxg6 hxg6 21. Bf4 Ne5
22. Bxe5 dxe5 23. Rf2 Rad8 24. Raf1 Rd6 25. g5 Qd7 26. Kg2 f5 27. gxf6 exf6 28.
Nh4 Qe8 29. Qd3 Bh6 30. Kh1 Kh7 31. Rg2 Rg8 32. Rfg1 Bg5 33. Qg3 Rg7 34. Nf3
Bh6 35. Nh4 Bg5 36. Nf3 Bf4 37. Qg4 Be3 38. Rf1 Qd7 39. Qxd7 Rgxd7 40. c4 Rg7
41. Nh2 g5 42. Ng4 Bf4 43. Rf3 Kh8 44. Ne3 Rh7 45. Nf5 Rdd7 46. d6 Kg8 47. Rd3
Kf7 48. Rg4 Ke6 49. Kg2 Rd8 50. b3 Kd7 51. Ne7 Ke6 52. Nf5 Kd7 53. Ne7 Ke6 54.
Nf5 1/2-1/2

[Event "Koege Lang Jubilaeum Weekend Grp3 2022"]
[Site "Koge"]
[Date "2022.07.10"]
[Round "9"]
[White "Nielsen, Angelo"]
[Black "Kaergaard, Sissel"]
[Result "1/2-1/2"]
[WhiteElo "1689"]
[BlackElo "1588"]
[PlyCount "127"]
[EventDate "2022.07.06"]
[EventType "tourn"]
[EventRounds "9"]
[EventCountry "DEN"]

1. d4 d5 2. Nc3 Nf6 3. e4 dxe4 4. f3 exf3 5. Nxf3 e6 6. Bg5 Be7 7. Bc4 O-O 8.
O-O Nbd7 9. Qe2 h6 10. Bh4 c6 11. Rae1 Qc7 12. Ne4 b5 13. Bg3 Qb6 14. Bb3 Bb7
15. Bxe6 Nxe4 16. Qxe4 Nf6 17. Qf5 fxe6 18. Qxe6+ Rf7 19. Ne5 Qxd4+ 20. Kh1
Raf8 21. Nxf7 Rxf7 22. c3 Qd2 23. Re2 Qd3 24. Rfe1 Bc5 25. Bf2 Bxf2 26. Rxf2 c5
27. h3 Qg3 28. Kg1 Bd5 29. Qe3 Qxe3 30. Rxe3 Bxa2 31. b4 Bc4 32. Rf5 cxb4 33.
cxb4 Kf8 34. Rfe5 Rd7 35. g4 Nd5 36. Rf5+ Rf7 37. Rxf7+ Kxf7 38. Ra3 Nxb4 39.
Rxa7+ Kg6 40. Kh2 Nd5 41. Ra6+ Kh7 42. Rc6 Nf4 43. h4 Be2 44. Kg3 Nd5 45. Kf2
Bc4 46. Kf3 Nf6 47. Kf4 Nd5+ 48. Ke5 Be2 49. g5 hxg5 50. hxg5 Ne7 51. Rb6 Ng6+
52. Kd4 Bc4 53. Rb8 Ne7 54. Rb6 Ng6 55. Rb8 Ne7 56. Rb6 Bf1 57. Ke5 Ng6+ 58.
Kd4 Ne7 59. Ke5 b4 60. Ke6 Ng6 61. Rxb4 Ba6 62. Rb2 Bd3 63. Rh2+ Kg8 64. Rd2
1/2-1/2

[Event "Koege Lang Jubilaeum Weekend Grp3 2022"]
[Site "Koge"]
[Date "2022.07.10"]
[Round "9"]
[White "Dyremose, Flemming"]
[Black "Pedersen, Kim Michael"]
[Result "1/2-1/2"]
[WhiteElo "1638"]
[BlackElo "1719"]
[PlyCount "88"]
[EventDate "2022.07.06"]
[EventType "tourn"]
[EventRounds "9"]
[EventCountry "DEN"]

1. d4 d5 2. c4 Nf6 3. Nc3 g6 4. Nf3 Bg7 5. e3 O-O 6. Be2 dxc4 7. Bxc4 c6 8. a3
Nbd7 9. O-O Nb6 10. Be2 Qc7 11. b4 Bd7 12. Bb2 Nfd5 13. Rc1 Nxc3 14. Bxc3 Qd6
15. Nd2 Nd5 16. Bb2 Rfc8 17. Ne4 Qb8 18. Nc5 Be8 19. Nd3 a5 20. bxa5 Rxa5 21.
Rc5 b5 22. Qd2 Qa7 23. Rfc1 e6 24. Bf3 Bf8 25. R5c2 Bxa3 26. Bxa3 Rxa3 27. Bxd5
exd5 28. Nb4 Qa5 29. Nd3 Qxd2 30. Rxd2 Ra4 31. Rb2 Rc4 32. Ra1 Kg7 33. g3 Rb8
34. Nb4 Bd7 35. Ra6 Rc8 36. h4 Bg4 37. Kg2 Rc7 38. f3 Bc8 39. Ra3 f5 40. Kf2
Rc1 41. Nd3 Rc4 42. Ke2 h6 43. Kd2 Kf6 44. Ne5 Ra4 1/2-1/2

[Event "Koege Lang Jubilaeum Weekend Grp3 2022"]
[Site "Koge"]
[Date "2022.07.10"]
[Round "9"]
[White "Rasmussen, Matthias"]
[Black "Sandbech, Ted Henrik"]
[Result "0-1"]
[WhiteElo "1583"]
[BlackElo "1649"]
[PlyCount "71"]
[EventDate "2022.07.06"]
[EventType "tourn"]
[EventRounds "9"]
[EventCountry "DEN"]

1. f4 d5 2. Nf3 Nf6 3. e3 a6 4. Bd3 Nc6 5. b3 g6 6. Bb2 Bg7 7. O-O O-O 8. Qe1
Nb4 9. Be2 Nxc2 10. Qh4 Nxa1 11. Ng5 h6 12. Rf3 Nc2 13. g4 Nb4 14. Rh3 Nc6 15.
a3 d4 16. Bc4 b5 17. Bxf7+ Rxf7 18. Nxf7 Kxf7 19. g5 Bxh3 20. gxf6 Bxf6 21.
Qxh3 Qc8 22. Qg2 Qd7 23. e4 e5 24. Qg3 exf4 25. Qxf4 Qd6 26. Qf3 Ne5 27. Qf2
Nd3 28. Qg2 Rh8 29. Ba1 Qc5 30. Qf1 Qg5+ 31. Kh1 Nf4 32. d3 Re8 33. Nd2 Kg7 34.
Nf3 Qc5 35. b4 Qd6 36. Qg2 0-1

[Event "Koege Lang Jubilaeum Weekend Grp3 2022"]
[Site "Koge"]
[Date "2022.07.10"]
[Round "9"]
[White "Hald, Morten Hansen"]
[Black "Petersen, Rasmus"]
[Result "0-1"]
[WhiteElo "1757"]
[BlackElo "1679"]
[PlyCount "54"]
[EventDate "2022.07.06"]
[EventType "tourn"]
[EventRounds "9"]
[EventCountry "DEN"]

1. Nc3 d5 2. e4 d4 3. Nce2 c5 4. Ng3 Nc6 5. Nf3 Nf6 6. Bc4 Bg4 7. h3 Bxf3 8.
Qxf3 e6 9. O-O Be7 10. Re1 O-O 11. a3 a6 12. c3 Ne5 13. Qd1 Nxc4 14. Qb3 dxc3
15. Qxc3 Qd4 16. Qc2 Rfd8 17. Rd1 Qd3 18. Qb1 Ne5 19. b3 Qxb1 20. Rxb1 Nd3 21.
f3 Bd6 22. Ne2 Nh5 23. g4 Nhf4 24. Nxf4 Bxf4 25. Bb2 Nxb2 26. Rxb2 Rd3 27. Kf1
Rxf3+ 0-1

[Event "Koege Lang Jubilaeum Weekend Grp3 2022"]
[Site "Koge"]
[Date "2022.07.10"]
[Round "9"]
[White "Nielsen, Jorgen Kamp"]
[Black "Nielsen, Kai Gylling"]
[Result "0-1"]
[WhiteElo "1685"]
[BlackElo "1735"]
[PlyCount "36"]
[EventDate "2022.07.06"]
[EventType "tourn"]
[EventRounds "9"]
[EventCountry "DEN"]

1. e4 e5 2. Nf3 Nc6 3. d4 exd4 4. Nxd4 Nf6 5. Nxc6 bxc6 6. e5 Nd5 7. c4 Bb4+ 8.
Nd2 Nf4 9. a3 Bc5 10. Ne4 Ne6 11. Qg4 Be7 12. f4 d5 13. exd6 h5 14. dxe7 Qxe7
15. Qe2 Nd4 16. Nf6+ gxf6 17. Qxe7+ Kxe7 18. Kf2 Nb3 0-1